000 00776nam a2200181Ia 4500
008 100920s9999 xx 000 0 und d
082 _b105347
_a891.43 न 07
100 _aअनुज कुमार.
245 _aबहुजन नायक काशीराम के अविस्मरणीय भाषण.
260 _bगौैतम बुक सेंटर,दिल्ली.
_c2007
300 _a104
_bसाधी
365 _b100
520 _aहिंदी.
630 _aबहुजन नायक काशीराम के अविस्मरणीय भाषण.
650 _aहिंदी.
730 _aबहुजन नायक काशीराम के अविस्मरणीय भाषण.
942 _cBOOK
999 _c745778
_d745775